000 00471nam a2200169 i 4500
001 70416
003 ES-MaACL
005 20230906170819.0
007 t|
008 040723s1955 sp ||||1| spa d
100 1 _aGarcía Serrano, Rafael.
_955295
245 1 0 _aMadrid, noche y día /
_cRafael García Serrano.
250 _a[1ª ed.].
260 _aMadrid :
_bAcies,
_c1955 (
_fCarmona)
300 _a312 p., 8 lám. ;
_c21 cm.
852 _aES-MaACL
_jC-10330
_bR.38551
999 _c70416
_d70416